00317nam a2200121Ia 4500008004100000041000800041082001600049100001600065245004500081260003200126300003000158365000700188240624s9999 xx 000 0 und d aeng a650.142 YAT aYATE MARTIN aULTIMATE CV BOOK WRITE THE PERFECT CV AN c2004aNew DelhibKogan Page aiv, : 252 : p. : cm. ; 24 cRS